[Event "Midland Ch Forrest Cup"]
[Site "Derby"]
[Date "1989.03.10"]
[Round "1"]
[White "Baker, Chris W"]
[Black "Moulton, Paul J"]
[Result "1/2-1/2"]
[WhiteElo "2376"]
[BlackElo "2008"]
[PlyCount "90"]
[EventDate "1989.03.10"]
[EventType "swiss"]
[EventRounds "6"]
[EventCountry "ENG"]
[SourceTitle "BritBase"]
[Source "John Saunders"]
[SourceDate "2022.11.28"]
[SourceVersion "1"]
[SourceVersionDate "2022.08.23"]
[SourceQuality "1"]

1. e4 c6 2. d4 d5 3. Nd2 dxe4 4. Nxe4 Bf5 5. Ng3 Bg6 6. N1e2 e6 7. Nf4 Qc7 8.
h4 Bd6 9. Nxg6 hxg6 10. Ne4 Bf4 11. Qf3 Bxc1 12. Rxc1 Qe7 13. Qb3 Nf6 14. Nxf6+
gxf6 15. Rh3 f5 16. Be2 a5 17. a3 Na6 18. Rd1 a4 19. Qxa4 Rxh4 20. Rxh4 Qxh4
21. Qb3 O-O-O 22. Bxa6 bxa6 23. Qb6 Qh1+ 24. Kd2 Qxg2 25. Kc1 g5 26. Kb1 g4 27.
c4 Qf3 28. Rd2 Qe4+ 29. Ka2 f4 30. Qxa6+ Kd7 31. d5 exd5 32. cxd5 cxd5 33. Qb7+
Ke6 34. Qb3 Rd6 35. Rc2 f3 36. Rc7 Kf6 37. Qb8 Qe6 38. Qh8+ Kf5 39. Qh5+ Ke4
40. Kb1 d4 41. Rxf7 Qg6 42. Re7+ Kf4+ 43. Qxg6 Rxg6 44. Kc2 g3 45. fxg3+ Kxg3
1/2-1/2

[Event "Midland Ch Forrest Cup"]
[Site "Derby"]
[Date "1989.03.10"]
[Round "1"]
[White "Bryce, Andrew"]
[Black "Gilmore, Simon N"]
[Result "1-0"]
[WhiteElo "2080"]
[BlackElo "1960"]
[PlyCount "93"]
[EventDate "1989.03.10"]
[EventType "swiss"]
[EventRounds "6"]
[EventCountry "ENG"]
[SourceTitle "BritBase"]
[Source "John Saunders"]
[SourceDate "2022.11.28"]
[SourceVersion "1"]
[SourceVersionDate "2022.08.23"]
[SourceQuality "1"]

1. f4 g6 2. Nf3 d5 3. e3 Bg7 4. Be2 Nf6 5. O-O O-O 6. d3 c5 7. Qe1 Nc6 8. a4 b6
9. Qg3 Bd7 10. Nc3 d4 11. exd4 Nxd4 12. Nxd4 cxd4 13. Nb5 Nd5 14. f5 Ne3 15.
Bxe3 dxe3 16. fxg6 hxg6 17. c3 Bxb5 18. axb5 Qd7 19. d4 Bh6 20. Bc4 Kg7 21.
Qe5+ f6 22. Qe6 Qc7 23. Rf3 Rad8 24. Qc6 Rc8 25. Qxc7 Rxc7 26. Be6 f5 27. g4 f4
28. h4 g5 29. h5 Kf6 30. Bb3 e5 31. dxe5+ Kxe5 32. Rd1 e2 33. Re1 Re7 34. Rxe2+
Kf6 35. Rxe7 Kxe7 36. Rf2 Rf6 37. Re2+ Kd7 38. Kf2 Bf8 39. Kf3 Bc5 40. Re5 Rd6
41. Bd5 Rf6 42. Rxg5 Bd6 43. Rg7+ Be7 44. Be4 Ke8 45. g5 Rd6 46. h6 Bxg5 47. h7
1-0

[Event "Midland Ch Forrest Cup"]
[Site "Derby"]
[Date "1989.03.10"]
[Round "1"]
[White "Dicks, Russell"]
[Black "Foulger, John G"]
[Result "0-1"]
[WhiteElo "1872"]
[BlackElo "2064"]
[PlyCount "34"]
[EventDate "1989.03.10"]
[EventType "swiss"]
[EventRounds "6"]
[EventCountry "ENG"]
[SourceTitle "BritBase"]
[Source "John Saunders"]
[SourceDate "2022.11.28"]
[SourceVersion "1"]
[SourceVersionDate "2022.08.23"]
[SourceQuality "1"]

1. e4 c5 2. c3 Nf6 3. e5 Nd5 4. d4 cxd4 5. Nf3 Nc6 6. Bc4 Nb6 7. Bb3 e6 8. O-O
d6 9. exd6 Bxd6 10. cxd4 O-O 11. Nc3 Ne7 12. Qe2 Nbd5 13. Bg5 Qa5 14. Rac1 b6
15. Rfd1 Bb7 16. Bc2 Nxc3 17. bxc3 Bxf3 0-1

[Event "Midland Ch Forrest Cup"]
[Site "Derby"]
[Date "1989.03.10"]
[Round "1"]
[White "Johnson, Maurice W"]
[Black "Buxton, David E"]
[Result "1/2-1/2"]
[WhiteElo "1832"]
[BlackElo "2032"]
[PlyCount "70"]
[EventDate "1989.03.10"]
[EventType "swiss"]
[EventRounds "6"]
[EventCountry "ENG"]
[SourceTitle "BritBase"]
[Source "John Saunders"]
[SourceDate "2022.11.28"]
[SourceVersion "1"]
[SourceVersionDate "2022.08.23"]
[SourceQuality "1"]

1. e4 e6 2. d4 d5 3. Nc3 Nf6 4. Bg5 Bb4 5. a3 Bxc3+ 6. bxc3 dxe4 7. Ne2 h6 8.
Bxf6 Qxf6 9. Ng3 Qg6 10. Bc4 O-O 11. Qe2 f5 12. O-O Nd7 13. f3 Nb6 14. Bb3 exf3
15. Qxf3 Kh7 16. Rae1 Bd7 17. Qxb7 f4 18. Nh1 e5 19. Qe4 Bf5 20. Qxe5 Rae8 21.
Qxf4 Bxc2 22. Bxc2 Qxc2 23. Qxc7 Nd5 24. Qg3 Nxc3 25. Rxf8 Rxf8 26. Qe3 Nb5 27.
Ng3 Nxa3 28. d5 Kh8 29. Qxa7 Qd2 30. Qe3 Qb4 31. Qe5 Nc4 32. Qe4 Qc5+ 33. Kh1
Nd2 34. Qd3 Qf2 35. Rd1 Nf3 {"0-1 (time?)" (bulletin) but in the crosstable at
the front of the bulletin it shows the result as a draw (though White has a
clear win on the board)} 1/2-1/2

[Event "Midland Ch Forrest Cup"]
[Site "Derby"]
[Date "1989.03.10"]
[Round "1"]
[White "Kitson, Peter R"]
[Black "Barton, R Alan"]
[Result "0-1"]
[WhiteElo "1968"]
[BlackElo "2080"]
[PlyCount "108"]
[EventDate "1989.03.10"]
[EventType "swiss"]
[EventRounds "6"]
[EventCountry "ENG"]
[SourceTitle "BritBase"]
[Source "John Saunders"]
[SourceDate "2022.11.28"]
[SourceVersion "1"]
[SourceVersionDate "2022.08.23"]
[SourceQuality "1"]

1. e4 d5 2. exd5 Qxd5 3. Nc3 Qa5 4. d4 Nf6 5. Nf3 Bf5 6. Bb5+ c6 7. Bd3 e6 8.
O-O Nbd7 9. Bxf5 Qxf5 10. Qe2 Bd6 11. h3 O-O 12. Re1 h6 13. Ne4 Nxe4 14. Qxe4
Qxe4 15. Rxe4 Rfd8 16. Re2 c5 17. Be3 cxd4 18. Nxd4 Nb6 19. Nb5 Nc4 20. Nxd6
Rxd6 21. Bf4 Rd4 22. Be5 Nxe5 23. Rxe5 b6 24. Kf1 Rd2 25. Re2 Rd5 26. f3 Rad8
27. Kf2 Kf8 28. c4 Rd4 29. b3 Ke7 30. Rc1 Kd6 31. Rcc2 Kc5 32. a3 Rd3 33. b4+
Kc6 34. Re3 Rd2+ 35. Rxd2 Rxd2+ 36. Kg3 Rc2 37. f4 Rxc4 38. Kf3 Kd5 39. g4 Rd4
40. Rc3 f5 41. Re3 g5 42. fxg5 hxg5 43. gxf5 exf5 44. Re7 Rd3+ 45. Kg2 Rxa3 46.
Rg7 g4 47. hxg4 fxg4 48. Rxg4 Kc6 49. Kf2 Kb5 50. Ke2 Ra4 51. Rg7 Kxb4 52. Rg4+
Kb3 53. Rg3+ Kc2 54. Rg7 b5 0-1

[Event "Midland Ch Forrest Cup"]
[Site "Derby"]
[Date "1989.03.10"]
[Round "1"]
[White "Lalic, Susan K"]
[Black "Ledger, Dave J"]
[Result "1-0"]
[WhiteElo "2320"]
[BlackElo "2000"]
[PlyCount "73"]
[EventDate "1989.03.10"]
[EventType "swiss"]
[EventRounds "6"]
[EventCountry "ENG"]
[SourceTitle "BritBase"]
[Source "John Saunders"]
[SourceDate "2022.11.28"]
[SourceVersion "1"]
[SourceVersionDate "2022.08.23"]
[SourceQuality "1"]

1. e4 Nf6 2. e5 Nd5 3. d4 d6 4. Nf3 Bg4 5. Be2 c6 6. O-O Bxf3 7. Bxf3 dxe5 8.
dxe5 e6 9. Qe2 Nd7 10. c4 Ne7 11. b3 Qc7 12. Bb2 g5 13. Bh5 Ng6 14. Bxg6 hxg6
15. Nd2 Bg7 16. Rfe1 O-O-O 17. Nf1 Rh5 18. h3 Rdh8 19. Nh2 Kb8 20. Rad1 Bf8 21.
Ng4 Rh4 22. Qd2 Nb6 23. Qxg5 Be7 24. Qe3 Bb4 25. Bc3 Bf8 26. Rd3 Be7 27. Red1
R8h5 28. a4 Bg5 29. Qe2 Nc8 30. a5 Qe7 31. Rd7 Qa3 32. Qd3 Rh8 33. Ra1 Qf8 34.
a6 Rxg4 35. Rxb7+ Ka8 36. Qd7 Qc5 37. Rb8+ 1-0

[Event "Midland Ch Forrest Cup"]
[Site "Derby"]
[Date "1989.03.10"]
[Round "1"]
[White "Ledger, Stephen C"]
[Black "Arkell, Keith C"]
[Result "0-1"]
[WhiteElo "2024"]
[BlackElo "2440"]
[PlyCount "110"]
[EventDate "1989.03.10"]
[EventType "swiss"]
[EventRounds "6"]
[EventCountry "ENG"]
[SourceTitle "BritBase"]
[Source "John Saunders"]
[SourceDate "2022.11.28"]
[SourceVersion "1"]
[SourceVersionDate "2022.08.23"]
[SourceQuality "1"]

1. f4 d5 2. Nf3 g6 3. e3 Bg7 4. d4 Bf5 5. Bd3 Bxd3 6. Qxd3 c6 7. O-O Nf6 8.
Nbd2 Nbd7 9. b3 O-O 10. Bb2 a5 11. a4 e6 12. Ne5 Qc7 13. Ba3 Rfe8 14. Rac1 Qb6
15. c4 Qa6 16. Qc2 Rad8 17. Bd6 Nb6 18. Bc7 Rc8 19. Bxb6 Qxb6 20. c5 Qa6 21.
Qd3 Qxd3 22. Nxd3 Nd7 23. b4 axb4 24. Rb1 Ra8 25. Rxb4 Ra7 26. Rfb1 Rb8 27. Ne5
Bxe5 28. fxe5 Kf8 29. Kf2 Ke7 30. e4 f6 31. exf6+ Nxf6 32. e5 Nd7 33. Ke3 h6
34. R1b2 b6 35. Nb3 Raa8 36. cxb6 Nxb6 37. Na5 Rxa5 38. Rxb6 Rxb6 39. Rxb6 c5
40. Rb7+ Kd8 41. dxc5 Rxa4 42. Rg7 g5 43. Rg6 Re4+ 44. Kd3 Rxe5 45. Rxh6 Kd7
46. Rh5 Kc6 47. h4 Kxc5 48. hxg5 (48. Rxg5 $2 Rxg5 49. hxg5 Kd6 $19) 48... Re4
49. Rh8 $2 (49. g3 $1 Rg4 50. Ke2 Rxg3 51. Kf2 $11) 49... Rg4 50. Rg8 Rxg2 51.
g6 Kd6 52. g7 Ke5 53. Ke3 Kf6 54. Rf8+ Kxg7 55. Rf3 Rg4 0-1

[Event "Midland Ch Forrest Cup"]
[Site "Derby"]
[Date "1989.03.10"]
[Round "1"]
[White "McSheehy, Nigel AP"]
[Black "Buckley, Graeme N"]
[Result "0-1"]
[WhiteElo "2000"]
[BlackElo "2232"]
[PlyCount "106"]
[EventDate "1989.03.10"]
[EventType "swiss"]
[EventRounds "6"]
[EventCountry "ENG"]
[SourceTitle "BritBase"]
[Source "John Saunders"]
[SourceDate "2022.11.28"]
[SourceVersion "1"]
[SourceVersionDate "2022.08.23"]
[SourceQuality "1"]

1. d4 Nf6 2. c4 g6 3. Nc3 Bg7 4. e4 d6 5. Nge2 O-O 6. Ng3 h5 7. h4 e5 8. d5 Nh7
9. Nge2 a5 10. Be3 f5 11. g3 Nd7 12. Bh3 Nc5 13. Qc2 Bd7 14. O-O-O Qc8 15. f4
Bh6 16. Rhf1 Nf6 17. exf5 Bxf5 18. Bxf5 gxf5 19. Kb1 e4 20. Nb5 Bg7 21. Bd4 Rf7
22. Ng1 Rd7 23. Nh3 Ng4 24. Qe2 Qf8 25. Ng5 a4 26. Bxg7 Qxg7 27. Nd4 Qf6 28.
Nge6 Nd3 29. Rxd3 exd3 30. Qxd3 a3 31. b3 c5 32. dxc6 bxc6 33. Qxf5 Qxf5+ 34.
Nxf5 c5 35. Rd1 Nf2 36. Rd5 Ne4 37. Kc2 Re8 38. Ng5 Nxg5 39. hxg5 Re2+ 40. Rd2
Rxd2+ 41. Kxd2 d5 42. Kd3 Kf7 43. Ne3 dxc4+ 44. Kxc4 Rd2 45. f5 Rxa2 46. g6+
Kg7 47. Kd3 Rb2 ({The bulletin actually gives} 47... Rg2 {but then, after} 48.
Kc3 {Black could simply play} a2 {, winning trivially.}) 48. Kc3 Rf2 49. Nc2
Rf3+ 50. Kc4 a2 51. b4 cxb4 52. Kxb4 Rf2 53. Na1 Rf1 0-1

[Event "Midland Ch Forrest Cup"]
[Site "Derby"]
[Date "1989.03.10"]
[Round "1"]
[White "Naylor, John"]
[Black "Dicks, Duncan"]
[Result "0-1"]
[WhiteElo "1880"]
[BlackElo "2072"]
[PlyCount "68"]
[EventDate "1989.03.10"]
[EventType "swiss"]
[EventRounds "6"]
[EventCountry "ENG"]
[SourceTitle "BritBase"]
[Source "John Saunders"]
[SourceDate "2022.11.28"]
[SourceVersion "1"]
[SourceVersionDate "2022.08.23"]
[SourceQuality "1"]

1. e4 c6 2. c4 d5 3. cxd5 cxd5 4. exd5 Nf6 5. Nc3 Nxd5 6. d4 e6 7. Nf3 Be7 8.
Bd3 O-O 9. O-O Nc6 10. Re1 Bf6 11. Bb1 Nxc3 12. bxc3 b6 13. Qd3 g6 14. Bh6 Bg7
15. Bxg7 Kxg7 16. Qe2 Bb7 17. Be4 Qd6 18. Ne5 Rac8 19. h4 Rc7 20. f4 Ne7 21.
Bxb7 Rxb7 22. Qf3 Rc7 23. Re3 Nd5 24. Rd3 Nxc3 25. h5 Qd5 26. Qg4 Qe4 27. hxg6
hxg6 28. Kf2 Nd5 29. Kg3 Rc2 30. Qf3 Qxf3+ 31. Kxf3 Rfc8 32. a4 Rb2 33. Rdd1
Rcc2 34. g3 Rf2+ 0-1

[Event "Midland Ch Forrest Cup"]
[Site "Derby"]
[Date "1989.03.10"]
[Round "1"]
[White "Parker, Jonathan"]
[Black "Waddingham, Graham A"]
[Result "1/2-1/2"]
[WhiteElo "1928"]
[BlackElo "2328"]
[PlyCount "110"]
[EventDate "1989.03.10"]
[EventType "swiss"]
[EventRounds "6"]
[EventCountry "ENG"]
[SourceTitle "BritBase"]
[Source "John Saunders"]
[SourceDate "2022.11.28"]
[SourceVersion "1"]
[SourceVersionDate "2022.08.23"]
[SourceQuality "1"]

1. d4 d5 2. c4 e6 3. Nc3 c6 4. Nf3 Nf6 5. e3 Nbd7 6. Bd3 Be7 7. O-O O-O 8. b3
b6 9. Bb2 Bb7 10. Qe2 Qc7 11. Rac1 Rad8 12. Rfd1 Rfe8 13. e4 dxe4 14. Nxe4 Nxe4
15. Bxe4 Nf6 16. Bb1 c5 17. dxc5 Qxc5 18. Ne5 Bd6 19. Bd4 Qc7 20. f4 Bxe5 21.
Bxe5 Qc5+ 22. Kh1 Nd7 23. Bb2 Nf8 24. Rd3 Ng6 25. Rxd8 Rxd8 26. Bxg6 hxg6 27.
Bc3 Qc6 28. h3 Rd3 29. Kh2 Re3 30. Qf2 Rd3 31. Rc2 f6 32. Be1 Qd6 33. Rd2 Be4
34. Rxd3 Qxd3 35. Qd2 Qxd2 36. Bxd2 Bb1 37. b4 Bxa2 38. c5 bxc5 39. bxc5 Bd5
40. g3 Kf7 41. Kg1 Ke7 42. Kf2 Kd7 43. Ke3 Kc6 44. Kd4 Bg2 45. h4 Bf3 46. Kc4
Be2+ 47. Kb4 Kd5 48. Be1 e5 49. fxe5 fxe5 50. Bf2 Kc6 51. Be3 Bf3 52. Ka5 Be2
53. Kb4 Bd3 54. Bf2 Bf5 55. Ka5 Bc8 1/2-1/2

[Event "Midland Ch Forrest Cup"]
[Site "Derby"]
[Date "1989.03.11"]
[Round "2"]
[White "Alderson, Michael J"]
[Black "Parker, Jonathan"]
[Result "1/2-1/2"]
[WhiteElo "2048"]
[BlackElo "1928"]
[PlyCount "60"]
[EventDate "1989.03.10"]
[EventType "swiss"]
[EventRounds "6"]
[EventCountry "ENG"]
[SourceTitle "BritBase"]
[Source "John Saunders"]
[SourceDate "2022.11.28"]
[SourceVersion "1"]
[SourceVersionDate "2022.08.23"]
[SourceQuality "1"]

1. c4 Nf6 2. Nc3 e6 3. e4 d5 4. e5 d4 5. exf6 dxc3 6. bxc3 Qxf6 7. d4 c5 8. Nf3
cxd4 9. cxd4 Bb4+ 10. Bd2 Bxd2+ 11. Qxd2 Nc6 12. Be2 O-O 13. Rd1 b6 14. O-O Bb7
15. Qe3 Rfd8 16. Rd2 Ne7 17. Rfd1 Nf5 18. Qf4 Rac8 19. d5 exd5 20. cxd5 Rd6 21.
Ne5 Ne7 22. Qxf6 gxf6 23. Ng4 Kg7 24. Ne3 Rc5 25. Bf3 b5 26. Rd4 Bc8 27. g3 Bd7
28. Re4 Kf8 29. Rh4 Kg7 30. Re4 Kf8 1/2-1/2

[Event "Midland Ch Forrest Cup"]
[Site "Derby"]
[Date "1989.03.11"]
[Round "2"]
[White "Arkell, Keith C"]
[Black "Burke, Steven J"]
[Result "1-0"]
[WhiteElo "2440"]
[BlackElo "2024"]
[PlyCount "111"]
[EventDate "1989.03.10"]
[EventType "swiss"]
[EventRounds "6"]
[EventCountry "ENG"]
[SourceTitle "BritBase"]
[Source "John Saunders"]
[SourceDate "2022.11.28"]
[SourceVersion "1"]
[SourceVersionDate "2022.08.23"]
[SourceQuality "1"]

1. Nf3 d6 2. d4 Bg4 3. e4 Nf6 4. Nc3 e6 5. d5 e5 6. Be2 Be7 7. Be3 Nbd7 8. h3
Bh5 9. Nd2 Bxe2 10. Nxe2 c6 11. c4 Qa5 12. Nc3 c5 13. a3 a6 14. O-O O-O 15. Qe2
Qc7 16. b4 b6 17. Rab1 Rab8 18. Rb2 Rfc8 19. Na2 Bf8 20. Rfb1 g6 21. Qd1 Bg7
22. Qc2 Nh5 23. g3 Rf8 24. bxc5 dxc5 25. Qa4 Rbc8 26. Nf3 h6 27. Nc3 f5 28. Bc1
fxe4 29. Nh4 e3 30. Bxe3 e4 31. d6 Qxd6 32. Rd2 Bd4 33. Ne2 Qe6 34. Nxd4 cxd4
35. Rxd4 Ne5 36. c5 b5 (36... Qxh3 $5) 37. Qb3 Qxb3 38. Rxb3 g5 39. Rxe4 Rfe8
40. Kg2 gxh4 41. Rxh4 Ng7 42. Rxh6 Re6 43. Rh4 Nd7 44. Bd4 Rcc6 45. a4 Nxc5 46.
Rf3 Nxa4 47. Rhf4 Rc7 48. h4 Nc5 49. Rf8+ Kh7 50. R3f7 Rxf7 51. Rxf7 Nb3 52.
Bxg7 Kg6 53. Ra7 Nc5 54. g4 b4 55. f4 Re3 56. f5+ 1-0

[Event "Midland Ch Forrest Cup"]
[Site "Derby"]
[Date "1989.03.11"]
[Round "2"]
[White "Benyon, C C V."]
[Black "Barnes, Michael H"]
[Result "0-1"]
[WhiteElo "1848"]
[BlackElo "2120"]
[PlyCount "88"]
[EventDate "1989.03.10"]
[EventType "swiss"]
[EventRounds "6"]
[EventCountry "ENG"]
[SourceTitle "BritBase"]
[Source "John Saunders"]
[SourceDate "2022.11.28"]
[SourceVersion "1"]
[SourceVersionDate "2022.08.23"]
[SourceQuality "1"]

1. d4 Nf6 2. c4 g6 3. Nc3 Bg7 4. e4 d6 5. Be2 O-O 6. Bg5 c5 7. d5 h6 8. Be3 e6
9. Nf3 exd5 10. exd5 Ng4 11. O-O Nxe3 12. fxe3 Qe7 13. e4 Nd7 14. Bd3 Ne5 15.
Qd2 Bd7 16. Rab1 b6 17. Ne2 Rfe8 18. Ng3 h5 19. Nxe5 Qxe5 20. Ne2 Rab8 21. b3
b5 22. cxb5 Bxb5 23. Bxb5 Rxb5 24. Qd3 Rb4 25. Qf3 Re7 26. Nf4 Qxe4 27. Nd3 Rd4
28. Nb2 Rxd5 29. Nc4 Rd3 30. Qxe4 Rxe4 31. Rbd1 Bd4+ 32. Kh1 Rxd1 33. Rxd1 d5
34. Nd6 Re2 35. g3 Rxa2 36. Rd3 Kf8 37. Nb5 Ke7 38. Nxd4 cxd4 39. Rxd4 Ke6 40.
Kg1 Ke5 41. Rb4 d4 42. h4 Ke4 43. Kf1 f5 44. Ke1 Ke3 0-1

[Event "Midland Ch Forrest Cup"]
[Site "Derby"]
[Date "1989.03.11"]
[Round "2"]
[White "Buckley, Graeme N"]
[Black "Khan, Tariq Ul-Alam"]
[Result "1-0"]
[WhiteElo "2232"]
[BlackElo "1920"]
[PlyCount "67"]
[EventDate "1989.03.10"]
[EventType "swiss"]
[EventRounds "6"]
[EventCountry "ENG"]
[SourceTitle "BritBase"]
[Source "John Saunders"]
[SourceDate "2022.11.28"]
[SourceVersion "1"]
[SourceVersionDate "2022.08.23"]
[SourceQuality "1"]

1. d4 g6 2. g3 Bg7 3. Bg2 d6 4. e4 Nf6 5. Ne2 Nbd7 6. O-O O-O 7. Nbc3 e5 8. h3
c6 9. a4 a5 10. Be3 Re8 11. Kh2 exd4 12. Bxd4 Nf8 13. f4 Ne6 14. Bf2 Qe7 15.
Re1 Nd7 16. Qd2 Nec5 17. Rad1 Bf8 18. g4 Nb6 19. b3 Qc7 20. Bg3 f5 21. gxf5
gxf5 22. Nd4 Qf7 23. Nxf5 Bxf5 24. exf5 Qxf5 25. Rg1 Bg7 26. Bf2 Nbd7 27. Qxd6
Re6 28. Qd2 Rf8 29. Bd4 Rg6 30. Bxg7 Rxg7 31. Ne2 Kh8 32. Ng3 Qg6 33. Bf3 Rfg8
34. Nh5 1-0

[Event "Midland Ch Forrest Cup"]
[Site "Derby"]
[Date "1989.03.11"]
[Round "2"]
[White "Foulger, John G"]
[Black "Bryce, Andrew"]
[Result "1/2-1/2"]
[WhiteElo "2064"]
[BlackElo "2080"]
[PlyCount "76"]
[EventDate "1989.03.10"]
[EventType "swiss"]
[EventRounds "6"]
[EventCountry "ENG"]
[SourceTitle "BritBase"]
[Source "John Saunders"]
[SourceDate "2022.11.28"]
[SourceVersion "1"]
[SourceVersionDate "2022.08.23"]
[SourceQuality "1"]

1. e4 c6 2. d4 d5 3. e5 Bf5 4. Nc3 e6 5. g4 Bg6 6. Nge2 f6 7. Nf4 Bf7 8. Nd3
Nd7 9. Bf4 Ne7 10. Qf3 Ng6 11. O-O-O Nxf4 12. Qxf4 fxe5 13. Nxe5 Nxe5 14. Qxe5
Qf6 15. Qc7 Qe7 16. Qg3 O-O-O 17. f4 Qc7 18. Bd3 Bd6 19. Rhf1 g5 20. Ne2 h5 21.
h3 hxg4 22. hxg4 Rh4 23. Qf3 gxf4 24. Nxf4 e5 25. dxe5 Bxe5 26. Ng2 Rh2 27.
Qxf7 Rxg2 28. Rde1 Bd6 29. Qe6+ Kb8 30. Rf7 Qb6 31. Rd7 Rxd7 32. Qxd7 Bf4+ 33.
Kb1 a5 34. a3 Rg1 35. Rxg1 Qxg1+ 36. Ka2 Qc5 37. Qd8+ Ka7 38. g5 Qb6 1/2-1/2

[Event "Midland Ch Forrest Cup"]
[Site "Derby"]
[Date "1989.03.11"]
[Round "2"]
[White "Gilmore, Simon N"]
[Black "McSheehy, Nigel AP"]
[Result "1-0"]
[WhiteElo "1960"]
[BlackElo "2000"]
[PlyCount "79"]
[EventDate "1989.03.10"]
[EventType "swiss"]
[EventRounds "6"]
[EventCountry "ENG"]
[SourceTitle "BritBase"]
[Source "John Saunders"]
[SourceDate "2022.11.28"]
[SourceVersion "1"]
[SourceVersionDate "2022.08.23"]
[SourceQuality "1"]

1. e4 c5 2. c4 Nc6 3. Nf3 e5 4. d3 Nge7 5. Nc3 d6 6. g3 Bg4 7. Bg2 Qd7 8. h3
Be6 9. Ng5 Nd4 10. Nxe6 fxe6 11. Be3 Nec6 12. Ne2 Be7 13. Nxd4 exd4 14. Bd2 Ne5
15. Qe2 O-O 16. O-O Bf6 17. f4 Nc6 18. a3 a5 19. g4 g6 20. g5 Bg7 21. h4 Rf7
22. Rf2 Raf8 23. Raf1 e5 24. f5 gxf5 25. Bh3 Ne7 26. exf5 d5 27. Qh5 Nxf5 28.
g6 hxg6 29. Qxg6 Rf6 30. Qg5 e4 31. Rxf5 Qc6 32. Rxf6 Rxf6 33. Rxf6 Qxf6 34.
Qxd5+ Kh8 35. Qxe4 Bh6 36. Bxh6 Qxh6 37. Qe5+ Kh7 38. Bf5+ Kg8 39. Qe6+ Qxe6
40. Bxe6+ 1-0

[Event "Midland Ch Forrest Cup"]
[Site "Derby"]
[Date "1989.03.11"]
[Round "2"]
[White "Hardy, Otto H"]
[Black "Naylor, John"]
[Result "0-1"]
[WhiteElo "1968"]
[BlackElo "1880"]
[PlyCount "116"]
[EventDate "1989.03.10"]
[EventType "swiss"]
[EventRounds "6"]
[EventCountry "ENG"]
[SourceTitle "BritBase"]
[Source "John Saunders"]
[SourceDate "2022.11.28"]
[SourceVersion "1"]
[SourceVersionDate "2022.08.23"]
[SourceQuality "1"]

1. e4 e6 2. d4 d5 3. Nc3 Bb4 4. Qd3 dxe4 5. Qxe4 Nf6 6. Qh4 Nbd7 7. Nf3 O-O 8.
Bd3 b6 9. Bg5 h6 10. Bd2 Bb7 11. Ne5 Bxc3 12. bxc3 Nxe5 13. dxe5 Ne4 14. Qf4
Nxd2 15. Kxd2 Qe7 16. f3 Rad8 17. Ke2 Qc5 18. c4 Rd4 19. Qe3 Rfd8 20. Rhd1 Ba6
21. c3 Rxd3 22. Qxc5 bxc5 23. Rxd3 Bxc4 24. Rad1 Rd5 25. f4 f6 26. exf6 gxf6
27. Ke3 Bxd3 28. Rxd3 Kf7 29. g4 Ke7 30. h4 Rd6 31. Rd2 Rb6 32. Kd3 Rb1 33. Rg2
Rh1 34. h5 Rh3+ 35. Kc4 Rf3 36. Kxc5 Rxf4 37. c4 Re4 38. Kb5 Re5+ 39. Kc6 Rg5
40. Kxc7 f5 41. c5 Rxg4 42. Rc2 e5 43. c6 Rb4 44. Rd2 e4 45. Rd7+ Kf6 46. Kd8
Rc4 47. c7 e3 48. c8=Q Rxc8+ 49. Kxc8 e2 50. Rd6+ Ke7 51. Rd7+ Kf6 52. Rd6+ Ke5
53. Rd8 Kf4 54. Re8 Kf3 55. Kd7 Kf2 56. Kd6 f4 57. Kd5 f3 58. Kd4 e1=Q 0-1

[Event "Midland Ch Forrest Cup"]
[Site "Derby"]
[Date "1989.03.11"]
[Round "2"]
[White "Joshi, DM."]
[Black "Lalic, Susan K"]
[Result "0-1"]
[WhiteElo "2128"]
[BlackElo "2320"]
[PlyCount "130"]
[EventDate "1989.03.10"]
[EventType "swiss"]
[EventRounds "6"]
[EventCountry "ENG"]
[SourceTitle "BritBase"]
[Source "John Saunders"]
[SourceDate "2022.11.28"]
[SourceVersion "1"]
[SourceVersionDate "2022.08.23"]
[SourceQuality "1"]

1. e4 c6 2. d4 d5 3. Nc3 dxe4 4. Nxe4 Nd7 5. Ne2 Ngf6 6. N2g3 e6 7. Bd3 c5 8.
dxc5 Nxc5 9. Bb5+ Bd7 10. Bxd7+ Qxd7 11. Nxf6+ gxf6 12. O-O Qxd1 13. Rxd1 Be7
14. Bh6 Bf8 15. Be3 h5 16. b4 Nd7 17. Ne4 b6 18. a3 O-O-O 19. c4 Be7 20. c5 f5
21. Nd6+ Bxd6 22. Rxd6 bxc5 23. bxc5 Nb8 24. Bf4 Rxd6 25. Bxd6 Nc6 26. Rb1 Rg8
27. h3 f6 28. Kh2 Rg7 29. Rb3 h4 30. g3 hxg3+ 31. fxg3 e5 32. a4 Rg6 33. Rb5
Kd7 34. Rb7+ Ke6 35. Rc7 Kd5 36. Bf8 Nd4 37. Rg7 Rxg7 38. Bxg7 Ne6 39. Bxf6
Nxc5 40. a5 a6 41. Bd8 Ke4 42. Bb6 Ne6 43. h4 Kf3 44. h5 Ng5 45. h6 e4 46. Bd8
Nh7 47. Be7 Kg4 48. Kg2 Kh5 49. Kh3 Kxh6 50. g4 f4 51. Kh4 Kg6 52. Bd6 f3 53.
Bc5 Nf6 54. Kg3 Nd5 55. Bd4 Kg5 56. Bb6 Kf6 57. Bc5 Ke5 58. Bb6 Ne7 59. Bc7+
Kd4 60. Bd8 Ng6 61. Bb6+ Kd3 62. Kf2 Nf4 63. Kg3 Ne2+ 64. Kf2 Nd4 65. g5 e3+
0-1

[Event "Midland Ch Forrest Cup"]
[Site "Derby"]
[Date "1989.03.11"]
[Round "2"]
[White "Markham, Philip"]
[Black "Edwards, P."]
[Result "1-0"]
[WhiteElo "1876"]
[BlackElo "1968"]
[PlyCount "89"]
[EventDate "1989.03.10"]
[EventType "swiss"]
[EventRounds "6"]
[EventCountry "ENG"]
[SourceTitle "BritBase"]
[Source "John Saunders"]
[SourceDate "2022.11.28"]
[SourceVersion "1"]
[SourceVersionDate "2022.08.23"]
[SourceQuality "1"]

1. e4 c6 2. d4 d5 3. e5 Bf5 4. g4 Bg6 5. h4 h6 6. h5 Bh7 7. e6 fxe6 8. Bd3 Nf6
9. Bxh7 Rxh7 10. Qd3 Qd6 11. Qg6+ Kd8 12. Nf3 Kc7 13. Ne5 Qb4+ 14. c3 Qb5 15.
a4 Qa6 16. Bf4 Nbd7 17. Nf7+ Kc8 18. Nd2 c5 19. Nf3 e5 20. dxe5 Qc4 21. Nd4
cxd4 22. exf6 dxc3 23. Rc1 Qxf4 24. Rxc3+ Kb8 25. Qxh7 exf6 26. Kf1 d4 27. Rc4
Qf3 28. Rg1 $2 Qd1+ 29. Kg2 Qxg4+ 30. Kf1 Qe6 31. Qc2 a6 32. Rc8+ Ka7 33. Rxa8+
Kxa8 34. Qc8+ Ka7 35. Qxb7+ Kxb7 36. Nd8+ Kb6 37. Nxe6 Bc5 38. Rxg7 Ne5 39.
Nxc5 Kxc5 40. Rg6 d3 41. Ke1 Kc4 42. Rxf6 Kb3 43. Kd2 Kc4 44. Rxh6 Nf3+ 45. Kd1
{Best game prize} 1-0